000 00690nam a22002411 4500
001 2643389
003 OSt
005 20230819145426.0
008 740123s1966 ii k 000 0 eng
010 _asa 67000507
022 _29789352533145
040 _aDLC
_cDLC
_dDLC
050 0 0 _aHF5635
_b.S583 1966
082 0 0 _a657
_bSHU/A
100 _aShukla, M C
_91149
245 1 0 _aAdvanced accounts /
_cby M. C. Shukla and T. S. Grewal. S. C.Gupta
250 _a19e
260 _aDelhi,
_bS. Chand,
_c2023.
300 _amultipagination
_c25 cm.
650 0 _aAccounting.
700 1 _aGrewal, T. S.,
_ejoint author.
942 _2ddc
_cBK
_h657
_iSHU/A
_k657
_mSHU/A
999 _c41928
_d41928